|
|
|
|
| LEADER |
01439cas a2200241 a 4500 |
| 001 |
AALejournalIMF012811 |
| 008 |
230101c9999 xx r poo 0 0eng d |
| 020 |
|
|
|c 50.00 USD
|
| 020 |
|
|
|z 9781589062283
|
| 022 |
|
|
|a 0258-7440
|
| 040 |
|
|
|a BD-DhAAL
|c BD-DhAAL
|
| 110 |
2 |
|
|a International Monetary Fund.
|
| 245 |
1 |
0 |
|a Official Financing :
|b Recent Developments and Selected Issues.
|
| 264 |
|
1 |
|a Washington, D.C. :
|b International Monetary Fund,
|c 2004.
|
| 300 |
|
|
|a 1 online resource (104 pages)
|
| 490 |
1 |
|
|a World Economic and Financial Surveys
|
| 500 |
|
|
|a <strong>Off-Campus Access:</strong> No User ID or Password Required
|
| 500 |
|
|
|a <strong>On-Campus Access:</strong> No User ID or Password Required
|
| 506 |
|
|
|a Electronic access restricted to authorized BRAC University faculty, staff and students
|
| 520 |
3 |
|
|a This study provides information on official financing and the debt situation of developing countries. It discusses issues related to trade finance in financial crises, and the challenge of maintaining external debt sustainability in debtor countries. It updates the 2001 edition of Official Financing for Developing Countries.
|
| 538 |
|
|
|a Mode of access: Internet
|
| 830 |
|
0 |
|a World Economic and Financial Surveys; World Economic and Financial Surveys ;
|v No. 2004/011
|
| 856 |
4 |
0 |
|z Full text available on IMF
|u http://elibrary.imf.org/view/books/083/05000-9781589062283-en/05000-9781589062283-en-book.xml
|z IMF e-Library
|